[Event "SCCA Bulletin 21st Anniversary"]
[Site "corr"]
[Date "2001.??.??"]
[Round "?"]
[White "Tatlow, Stephen"]
[Black "Mackie, John J"]
[Result "1/2-1/2"]
[WhiteElo "2342"]
[BlackElo "2228"]
[PlyCount "70"]
[EventDate "2001.??.??"]
[Source "Chess Mail Ltd."]
[SourceDate "2003.04.28"]

1. e4 c5 2. d3 Nc6 3. g3 d5 4. Nd2 Nf6 5. Bg2 e5 6. Ngf3 Be7 7. O-O O-O 8. exd5
Nxd5 9. Nc4 f6 10. c3 Be6 11. a4 Nb6 12. Ne3 a5 13. Qe2 Qd7 14. Nd2 Rad8 15.
Ndc4 Nxc4 16. dxc4 Bd6 17. Rd1 Qc8 18. Nd5 Bg4 19. f3 Bh5 20. Bd2 f5 21. Bg5
Rde8 22. Nb6 Qe6 23. Qd2 Be7 24. Re1 Bd8 25. Nd5 Bxg5 26. Qxg5 Qf7 27. Qd2 Qg6
28. Qf2 Qd6 29. Rad1 Rd8 30. Ne3 Qb8 31. Rd5 f4 32. Ng4 Bf7 33. Rxd8 Qxd8 34.
Qxc5 Qd2 35. Qf2 Qd6 1/2-1/2

[Event "SCCA Bulletin 21st Anniversary"]
[Site "corr"]
[Date "2001.??.??"]
[Round "?"]
[White "Tatlow, Stephen"]
[Black "Mackintosh, Iain"]
[Result "1-0"]
[WhiteElo "2342"]
[BlackElo "2247"]
[PlyCount "55"]
[EventDate "2001.??.??"]
[Source "Chess Mail Ltd."]
[SourceDate "2003.04.28"]

1. e4 e5 2. d4 d6 3. Nf3 Nd7 4. Bc4 c6 5. O-O Be7 6. dxe5 dxe5 7. Ng5 Bxg5 8.
Qh5 Nh6 9. Bxg5 Nf6 10. Qh4 Nhg8 11. Qg3 Qd6 12. Nc3 Bg4 13. Be3 h5 14. f3 h4
15. Qf2 Bd7 16. Bxa7 h3 17. g3 Ne7 18. Bc5 Qb8 19. a4 Ng6 20. a5 Qc8 21. Na4
Qc7 22. Nb6 Rd8 23. Rfd1 Bc8 24. Qe3 Nf8 25. Na8 Rxd1+ 26. Rxd1 Qb8 27. a6 N8d7
28. Nc7+ 1-0